Senapati Bhonsale; (Record no. 65638)

MARC details
000 -LEADER
fixed length control field 00753cam a22002291 4500
001 - CONTROL NUMBER
control field sa 65008205
003 - CONTROL NUMBER IDENTIFIER
control field DLC
005 - DATE AND TIME OF LATEST TRANSACTION
control field 20260227112154.0
008 - FIXED-LENGTH DATA ELEMENTS--GENERAL INFORMATION
fixed length control field 861126s1964 ii ac 000 0 eng
010 ## - LIBRARY OF CONGRESS CONTROL NUMBER
LC control number sa 65008205
025 ## - OVERSEAS ACQUISITION NUMBER
Overseas acquisition number PL480:I-E-4302
035 ## - SYSTEM CONTROL NUMBER
System control number (OCoLC)14878589
040 ## - CATALOGING SOURCE
Original cataloging agency DLC
Transcribing agency WaU
Modifying agency DLC
042 ## - AUTHENTICATION CODE
Authentication code premarc
050 00 - LIBRARY OF CONGRESS CALL NUMBER
Classification number DS481.B48
Item number A7
100 1# - MAIN ENTRY--PERSONAL NAME
Personal name Ajgaonkar, Gungu Phatu,
Dates associated with a name 1919-
245 10 - TITLE STATEMENT
Title Senapati Bhonsale;
Remainder of title the I.N.A chief & father of National discipline scheme
Statement of responsibility, etc. [by] G.F. [sic.] Ajgaonkar. English version: D.G. Naik.
260 ## - PUBLICATION, DISTRIBUTION, ETC.
Place of publication, distribution, etc. [Bombay,
Name of publisher, distributor, etc. N.R. Ralkar,
Date of publication, distribution, etc. 1964]
300 ## - PHYSICAL DESCRIPTION
Extent 12, 65 p.
Other physical details illus., ports.
Dimensions 19 cm.
600 10 - SUBJECT ADDED ENTRY--PERSONAL NAME
Personal name Bhonsle, Jagannathrao Krishnarao,
Dates associated with a name 1906 or 1907-1963.
610 20 - SUBJECT ADDED ENTRY--CORPORATE NAME
Corporate name or jurisdiction name as entry element Indian National Army.

No items available.

Powered by Koha